LEADER 01389nam a2200313 a 4500 001 000000174638 003 CaOOAMICUS 005 20210708142548.0 008 210708s2016 be u000 u eng r 020 $a978-94-6270-086-4* 032 $aLibriCat 040 $aPUL$bita 041 0 $aeng$alat 100 1 $aRadulphus, Brito,$cO.F.M.,$b1270 c.-1320.$0(OLS)http://pul/name/112218 245 10$aQuaestiones super Priora analytica Aristotelis /$cRadulphus Brito ; edidit Gordon A. Wilson. 260 $aLeuven :$bLeuven University Press,$c©2016. 300 $alxvi, 616 p. ;$c24 cm 490 1 $aAncient and medieval philosophy.$aSeries 1 ;$v54 500 $aComprende indice degli autori. 600 04$aAristoteles,$d384-322 a.C.$tAnalytica priora.$0(OLS)http://pul/subject/33390 700 1 $aWilson, Gordon Anthony.$0(OLS)http://pul/name/22037 830 0$aAncient and medieval philosophy.$nSeries 1 ;$v54.$0(OLS)http://pul/title/225 850 $aPUL 852 $aPUL$W1$xSL Religione 1$y3$m80 H 54$j198949$qStampati$B203581$CPULBib$Z2$F203581 $H135058 $82 941 1 $a8 996 $6020$a978-94-6270-086-4*$9(OLS)http://pul/number/168260 996 $6245$aQuaestiones super Priora analytica Aristotelis$9(OLS)http://pul/title/215943 996 $6260$aLeuven :$bLeuven University Press$9(OLS)http://pul/publisher/48301 LEADER 01617nam a2200313 u 4500 001 000000006781 003 CaOOAMICUS 005 20070226104918.0 008 941029s1994 it u000 u ita u 020 $a88-343-0801-8 035 $a10176382 040 $aPUL(R)$bita 100 1 $aBurnet, John,$d1863-1928.$0(OLS)http://pul/name/251 240 10$aGreek Philosophy.$0(OLS)http://pul/title/9954 245 10$aInterpretazione di Socrate /$cJohn Burnet ; introduzione, traduzione e apparati di Francesco Sarri. 260 $a[Milano] :$bVita e pensiero,$c[1994] 300 $a199 p. ;$c22 cm 490 1 $aPubblicazioni del Centro di ricerche di metafisica.$aCollana Temi metafisici e problemi del pensiero antico ;$v34 504 $aComprende indicazioni bibliografiche. 600 04$aSocrates,$dca. 470-c. 399 a.C.$xCritica e interpretazione.$0(OLS)http://pul/subject/6002 700 1 $aSarri, Francesco,$d1948-$0(OLS)http://pul/name/6884 710 2 $aUniversitą cattolica del Sacro Cuore. Sede di Milano.$bCentro di ricerche di metafisica.$0(OLS)http://pul/name/668 830 0$aPubblicazioni del Centro di ricerche di metafisica.$pCollana Temi metafisici e problemi del pensiero antico ;$v34.$0(OLS)http://pul/title/828 850 $aPUL 852 $aPUL$W1$xSL Filosofia 2$y80$mPhil A10b 34$j9583$nBK-PRI$b $qStampati altre collocazioni$B9583$CPULBib$Z2$F9583 $81 941 1 $a10 996 $6020$a88-343-0801-8$9(OLS)http://pul/number/8763 996 $6245$aInterpretazione di Socrate$9(OLS)http://pul/title/9955 996 $6260$a[Milano] :$bVita e pensiero$9(OLS)http://pul/publisher/49109